000 00753cam a22002054a 4500
020 _a1565492048 (pbk. : alk. paper)
040 _cDLC
082 0 0 _a330 KUM 2005 A010 Co.
100 1 _aJacobsen, Karen.
245 1 4 _aThe economic life of refugees /
260 _aBloomfield, CT :
_bKumarian Press, Inc.,
_cc2005.
300 _ax, 131 p. ;
_c23 cm.
520 _a"Explores the economic life of refugees in protracted situations in a variety of settings: in camps, in urban areas and in third countries in the West"--Provided by publisher.
650 0 _aRefugees
650 0 _aRefugee camps.
650 0 _aEconomic assistance.
650 0 _aInternational relief.
856 4 1 _uhttp://www.loc.gov/catdir/toc/ecip058/2005004339.html
942 _cEK
999 _c13518
_d13518